Who wrote what book of the bible - Statistics

General Stats
  • This quiz has been taken 171 times
  • The average score is 53 of 57
Answer Stats
Hint Answer % Correct
1&2 Kings Jeremiah
99%
Jeremiah Jeremiah
99%
Lamentation Jeremiah
99%
John John
99%
1,2&3 John John
99%
Revalation John
99%
Luke Luke
98%
Acts Luke
98%
Mark Mark
98%
1&2 Peter Peter
98%
`Isaiah Isaiah
97%
James James
97%
Matthew Matthew
97%
Genesis Moses
97%
Exodus Moses
97%
Leviticus Moses
97%
Numbers Moses
97%
Deuteronomy Moses
97%
Job Moses
97%
Proverbs Solomon
97%
Ecclesiastes Solomon
97%
Song of Soloman Solomon
97%
Daniel Daniel
96%
Psalms David
96%
Ezekiel Ezekiel
96%
Joel Joel
96%
Joshua Joshua
96%
Amos Amos
95%
Hosea Hosea
95%
Jude Jude
95%
Malachi Malachi
95%
Obadiah Obadiah
95%
Roman Paul
95%
1&2 Corinthians Paul
95%
Galatians Paul
95%
Ephesians Paul
95%
Philippians Paul
95%
Collosians Paul
95%
1&2 Thessalonians Paul
95%
1&2 Timothy Paul
95%
Titus Paul
95%
Philemon Paul
95%
Hebrews Paul
95%
Jonah Jonah
94%
Habbakkuk Habbakkuk
93%
Haggai Haggai
93%
Micah Micah
93%
Nahum Nahum
93%
1&2 Chronicles Ezra
92%
Ezra Ezra
92%
Nehemiah Nehemiah
92%
Zecheriah Zecheriah
90%
Judges Samuel
89%
Ruth Samuel
89%
1&2 Samuel Samuel
89%
Zepheniah Zepheniah
87%
Esther Mordechai
13%
No matching quizzes found
Score Distribution
Percent of People with Each Score
Percentile by Number Answered
Your Score History
You have not taken this quiz